[Event "Mittelfrank Regionalliga Sud-Ost 2223"]
[Site "Mittelfranken"]
[Date "2023.04.23"]
[Round "9.3"]
[White "Schwertler, Philipp"]
[Black "Hammerl, Jonas"]
[Result "0-1"]
[WhiteElo "1983"]
[BlackElo "1961"]
[PlyCount "186"]
[EventDate "2022.10.09"]
[EventType "team-tourn"]
[EventRounds "9"]
[EventCountry "GER"]
[SourceTitle "EXT 2024"]
[Source "ChessBase"]
[SourceDate "2023.10.10"]
[SourceVersion "1"]
[SourceVersionDate "2023.10.10"]
[SourceQuality "1"]
[WhiteTeam "Ilmmuenster"]
[BlackTeam "Ergolding"]
[WhiteTeamCountry "GER"]
[BlackTeamCountry "GER"]

1. d4 Nf6 2. c4 g6 3. Nc3 Bg7 4. e4 d6 5. f4 0-0 6. Nf3 c5 7. d5 e6 8. Be2 exd5 9. cxd5 b5 10. e5 Nfd7 11. e6 fxe6 12. 0-0 b4 13. dxe6 Nb6 14. e7 Qxe7 15. Nd5 Qd8 16. Nxb6 Qxb6 17. Qd5+ Kh8 18. Ng5 Bd4+ 19. Kh1 Bb7 20. Qe6 Na6 21. Nf7+ Kg7 22. f5 Rxf7 23. Bh6+ Kxh6 24. Qxf7 Qc7 25. Qb3 Kg7 26. fxg6 hxg6 27. Bc4 d5 28. Bxd5 Bxd5 29. Qxd5 Rh8 30. h3 Rf8 31. Rxf8 Kxf8 32. Qe6 Nb8 33. Qxg6 Qf4 34. Qd3 Ke7 35. Rf1 Qe5 36. Qh7+ Kd6 37. Qh6+ Kc7 38. b3 Nc6 39. Qf8 Kb6 40. Qf3 a5 41. g4 a4 42. bxa4 c4 43. Rb1 Kc5 44. Kg2 c3 45. a3 c2 46. axb4+ Nxb4 47. Rc1 Qd5 48. h4 Be3 49. Ra1 c1Q 50. Rxc1+ Bxc1 51. g5 Nd3 52. Qxd5+ Kxd5 53. Kf3 Ne5+ 54. Kg3 Ke4 55. a5 Kf5 56. a6 Be3 57. Kh3 Kf4 58. Kg2 Kg4 59. Kf1 Kxh4 60. g6 Nxg6 61. Ke2 Bg1 62. Kd3 Kg4 63. Kc4 Ne7 64. Kb5 Kf4 65. Ka5 Ke5 66. Kb5 Kd5 67. Ka5 Nc8 68. Kb5 Na7+ 69. Ka5 Kc4 70. Ka4 Nc6 71. Ka3 Nb4 72. Kb2 Be3 73. a7 Bxa7 74. Kc1 Nd5 75. Kd2 Nf4 76. Kc2 Bf2 77. Kd2 Kb3 78. Kd1 Kc3 79. Kc1 Ne2+ 80. Kd1 Nd4 81. Kc1 Ne6 82. Kd1 Kd3 83. Kc1 Nc5 84. Kd1 Na4 85. Kc1 Bg3 86. Kd1 Nb2+ 87. Kc1 Kc3 88. Kb1 Kb3 89. Kc1 Bf4+ 90. Kb1 Nc4 91. Ka1 Bd2 92. Kb1 Na3+ 93. Ka1 Bc3# 0-1

[Event "Mittelfrank Regionalliga Sud-Ost 2223"]
[Site "Mittelfranken"]
[Date "2023.02.05"]
[Round "6.3"]
[White "Schmaus, Horst"]
[Black "Schwertler, Philipp"]
[Result "1-0"]
[WhiteElo "1963"]
[BlackElo "1983"]
[PlyCount "57"]
[EventDate "2022.10.09"]
[EventType "team-tourn"]
[EventRounds "9"]
[EventCountry "GER"]
[SourceTitle "EXT 2024"]
[Source "ChessBase"]
[SourceDate "2023.10.10"]
[SourceVersion "1"]
[SourceVersionDate "2023.10.10"]
[SourceQuality "1"]
[WhiteTeam "Landshut"]
[BlackTeam "Ilmmuenster"]
[WhiteTeamCountry "GER"]
[BlackTeamCountry "GER"]

1. e4 c5 2. Nf3 d6 3. d4 cxd4 4. Nxd4 Nf6 5. Nc3 a6 6. f4 e5 7. Nf3 Nbd7 8. a4 Be7 9. Bd3 0-0 10. 0-0 Qc7 11. Kh1 b6 12. Qe1 Bb7 13. Nh4 Rfe8 14. Nf5 Bf8 15. Qg3 Kh8 16. fxe5 Rxe5 17. Qh4 g6 18. Ng3 Bg7 19. Bg5 Re6 20. Rf3 Qc5 21. Raf1 Qe5 22. Bc4 d5 23. exd5 Nxd5 24. Rxf7 Rd6 25. Bxd5 Bxd5 26. Bf4 Qd4 27. Rxg7 Bxg2+ 28. Kxg2 Kxg7 29. Qe7+ 1-0

[Event "Mittelfrank Regionalliga Sud-Ost 2122"]
[Site "Mittelfranken"]
[Date "2022.05.08"]
[Round "8.5"]
[White "Schwertler, Philipp"]
[Black "Hausmann, Sarah"]
[Result "1-0"]
[WhiteElo "2025"]
[BlackElo "1869"]
[PlyCount "97"]
[EventDate "2021.10.24"]
[EventType "team-tourn"]
[EventRounds "9"]
[EventCountry "GER"]
[SourceTitle "EXT 2024"]
[Source "ChessBase"]
[SourceDate "2023.10.10"]
[SourceVersion "1"]
[SourceVersionDate "2023.10.10"]
[SourceQuality "1"]
[WhiteTeam "Ilmmuenster"]
[BlackTeam "Ingolstadt"]
[WhiteTeamCountry "GER"]
[BlackTeamCountry "GER"]

1. d4 f5 2. c4 Nf6 3. Nc3 e6 4. Nf3 Be7 5. e3 0-0 6. Bd3 d6 7. 0-0 Qe8 8. Re1 Nc6 9. Nb5 Bd8 10. d5 Nb4 11. dxe6 Nxd3 12. Qxd3 Qxe6 13. Nbd4 Qe4 14. Qb3 c6 15. Bd2 Kh8 16. Rad1 Qg4 17. Ne2 Ne4 18. Nf4 Bh4 19. Re2 Ng5 20. Nd4 Ne4 21. f3 Nxd2 22. Rexd2 Qg5 23. Nde6 Bxe6 24. Nxe6 Qe7 25. Nxf8 Rxf8 26. Rxd6 Re8 27. Rd7 Qc5 28. Kh1 h6 29. R7d3 Re7 30. g3 Bf6 31. Kg2 h5 32. Kf2 Bg5 33. f4 Bf6 34. Qc2 Re4 35. b3 Kh7 36. Qe2 Kh6 37. Rd6 a5 38. R1d3 Qb4 39. h3 Qb6 40. Kf3 Re7 41. g4 hxg4+ 42. hxg4 fxg4+ 43. Kxg4 Kg6 44. Qh2 Kf7 45. Qh5+ g6 46. Qh7+ Bg7 47. Qxg6+ Kf8 48. Rd8+ Re8 49. Rxe8# 1-0

[Event "Mittelfrank Regionalliga Sud-Ost 2122"]
[Site "Mittelfranken"]
[Date "2021.11.14"]
[Round "2.4"]
[White "Lettl, Gerhard"]
[Black "Schwertler, Philipp"]
[Result "1-0"]
[WhiteElo "1990"]
[BlackElo "2025"]
[PlyCount "49"]
[EventDate "2021.10.24"]
[EventType "team-tourn"]
[EventRounds "9"]
[EventCountry "GER"]
[SourceTitle "EXT 2024"]
[Source "ChessBase"]
[SourceDate "2023.10.10"]
[SourceVersion "1"]
[SourceVersionDate "2023.10.10"]
[SourceQuality "1"]
[WhiteTeam "Tegernsee"]
[BlackTeam "Ilmmuenster"]
[WhiteTeamCountry "GER"]
[BlackTeamCountry "GER"]

1. e4 c5 2. c3 d5 3. exd5 Qxd5 4. d4 Nc6 5. Nf3 cxd4 6. cxd4 e5 7. Nc3 Bb4 8. Be2 e4 9. 0-0 Bxc3 10. bxc3 exf3 11. Bxf3 Qd6 12. a4 Bd7 13. Re1+ Kd8 14. Qb3 Nh6 15. g3 Na5 16. Qd1 Re8 17. Bf4 Rxe1+ 18. Qxe1 Qe7 19. Bc7+ Ke8 20. Bxa5 Be6 21. Bb4 Qf6 22. Bxb7 Rb8 23. Bc6+ Kd8 24. Ba5+ Kc8 25. Qe2 1-0

[Event "Regionalliga Sued-Ost 1819"]
[Site "Bayern"]
[Date "2019.02.24"]
[Round "7.5"]
[White "Schwertler, Philipp"]
[Black "Stoffel, Matthias"]
[Result "1-0"]
[WhiteElo "2074"]
[BlackElo "1955"]
[PlyCount "79"]
[EventDate "2018.10.21"]
[EventType "team-tourn"]
[EventRounds "9"]
[EventCountry "GER"]
[SourceTitle "EXT 2022"]
[Source "ChessBase"]
[SourceDate "2021.10.06"]
[SourceVersion "1"]
[SourceVersionDate "2021.10.06"]
[SourceQuality "1"]
[WhiteTeam "Ilmmuenster"]
[BlackTeam "Bruckmühl SK"]
[WhiteTeamCountry "GER"]
[BlackTeamCountry "GER"]

1. d4 Nf6 2. c4 e6 3. Nc3 Bb4 4. Nf3 b6 5. g3 Bb7 6. Bg2 Bxc3+ 7. bxc3 0-0 8. 0-0 d6 9. Qc2 Nbd7 10. a4 a5 11. Re1 Re8 12. Ba3 Be4 13. Qb3 Qc8 14. Rad1 Qb7 15. Rd2 Rab8 16. Red1 e5 17. Qb5 Bc6 18. Qb3 Ne4 19. Rb2 Ndf6 20. Bh3 Bd7 21. Bg2 Qc8 22. Rdb1 Ng4 23. e3 Re6 24. c5 Qe8 25. Qc4 Nexf2 26. Rxf2 Nxe3 27. Qa2 exd4 28. cxd4 dxc5 29. dxc5 Nxg2 30. Kxg2 Bc6 31. Kg1 Rd8 32. Rbf1 h6 33. cxb6 cxb6 34. Bb2 Bd5 35. Qa1 Re2 36. Bxg7 Qe3 37. Bxh6 Qxh6 38. Rxe2 Bc4 39. Qe5 Qc6 40. Qg5+ 1-0

[Event "Regionalliga Sued-Ost 1819"]
[Site "Bayern"]
[Date "2019.01.20"]
[Round "5.5"]
[White "Schwertler, Philipp"]
[Black "Feierlein, Robert"]
[Result "1-0"]
[WhiteElo "2074"]
[BlackElo "2030"]
[PlyCount "71"]
[EventDate "2018.10.21"]
[EventType "team-tourn"]
[EventRounds "9"]
[EventCountry "GER"]
[SourceTitle "EXT 2022"]
[Source "ChessBase"]
[SourceDate "2021.10.06"]
[SourceVersion "1"]
[SourceVersionDate "2021.10.06"]
[SourceQuality "1"]
[WhiteTeam "Ilmmuenster"]
[BlackTeam "Groebenzell II"]
[WhiteTeamCountry "GER"]
[BlackTeamCountry "GER"]

1. d4 Nf6 2. c4 c5 3. d5 g6 4. Nc3 Bg7 5. e4 d6 6. f4 0-0 7. Nf3 e6 8. Be2 exd5 9. cxd5 Re8 10. e5 dxe5 11. fxe5 Ng4 12. Bg5 Qb6 13. 0-0 Nxe5 14. d6 Nxf3+ 15. Bxf3 Bd4+ 16. Kh1 Qxd6 17. Bd5 Bf5 18. Bxb7 Nd7 19. Bxa8 Rxa8 20. Nb5 Qb6 21. Nxd4 cxd4 22. Qd2 h5 23. Rad1 d3 24. Qc3 f6 25. Bf4 Re8 26. Rfe1 Qd8 27. Qd4 Rxe1+ 28. Rxe1 a5 29. h3 g5 30. Qd5+ Kg7 31. Qxf5 gxf4 32. Qxd3 f3 33. gxf3 Qc7 34. Re7+ Kf8 35. Rxd7 Qc1+ 36. Qd1 1-0

[Event "Regionalliga Sued-Ost 1819"]
[Site "Bayern"]
[Date "2018.12.16"]
[Round "4.4"]
[White "Schwertler, Philipp"]
[Black "Duraku, Emin"]
[Result "0-1"]
[WhiteElo "2074"]
[BlackElo "2009"]
[PlyCount "62"]
[EventDate "2018.10.21"]
[EventType "team-tourn"]
[EventRounds "9"]
[EventCountry "GER"]
[SourceTitle "EXT 2022"]
[Source "ChessBase"]
[SourceDate "2021.10.06"]
[SourceVersion "1"]
[SourceVersionDate "2021.10.06"]
[SourceQuality "1"]
[WhiteTeam "Ilmmuenster"]
[BlackTeam "Ingolstadt"]
[WhiteTeamCountry "GER"]
[BlackTeamCountry "GER"]

1. d4 Nf6 2. c4 g6 3. Nc3 Bg7 4. e4 d6 5. f4 0-0 6. Nf3 Bg4 7. Be2 c5 8. d5 e6 9. 0-0 exd5 10. cxd5 Nbd7 11. h3 Bxf3 12. Bxf3 a6 13. Re1 Re8 14. a4 Qa5 15. Be3 c4 16. Qe2 Rac8 17. Qf2 Nc5 18. Bxc5 Qxc5 19. Qxc5 Rxc5 20. e5 dxe5 21. fxe5 Nd7 22. Ne4 Rc7 23. e6 fxe6 24. Nd6 Rd8 25. dxe6 Ne5 26. e7 Rxe7 27. Bd5+ Kh8 28. Rxe5 Bxe5 29. Nf7+ Rxf7 30. Bxf7 Bd4+ 31. Kf1 Rf8 0-1

[Event "Regionalliga Sued-Ost 1819"]
[Site "Bayern"]
[Date "2018.11.25"]
[Round "3.5"]
[White "Schwertler, Philipp"]
[Black "Litzka, Matthias"]
[Result "1/2-1/2"]
[WhiteElo "2074"]
[BlackElo "2056"]
[PlyCount "136"]
[EventDate "2018.10.21"]
[EventType "team-tourn"]
[EventRounds "9"]
[EventCountry "GER"]
[SourceTitle "EXT 2022"]
[Source "ChessBase"]
[SourceDate "2021.10.06"]
[SourceVersion "1"]
[SourceVersionDate "2021.10.06"]
[SourceQuality "1"]
[WhiteTeam "Ilmmuenster"]
[BlackTeam "Starnberg SC"]
[WhiteTeamCountry "GER"]
[BlackTeamCountry "GER"]

1. d4 c5 2. d5 Nf6 3. c4 e6 4. Nc3 exd5 5. cxd5 d6 6. e4 g6 7. f4 Bg7 8. Nf3 0-0 9. Be2 Bg4 10. 0-0 Nbd7 11. Re1 Re8 12. h3 Bxf3 13. Bxf3 c4 14. Be3 Qa5 15. Qe2 Rac8 16. Qf2 a6 17. Rad1 b5 18. a3 Re7 19. Bd4 b4 20. axb4 Qxb4 21. Ra1 Ne8 22. Bxg7 Kxg7 23. Ra4 Qb3 24. Ra3 Qb4 25. Ra4 Qb3 26. Rxa6 Nc5 27. Ra3 Qb4 28. Rd1 Kg8 29. Qd4 Qxb2 30. Ra2 Qb4 31. Rb1 Nb3 32. Qe3 Nf6 33. Ra4 Qc5 34. Qxc5 Rxc5 35. Ra6 Nd2 36. Rb8+ Kg7 37. Na4 Rcc7 38. e5 dxe5 39. d6 Nxf3+ 40. gxf3 Rb7 41. fxe5 Nd5 42. Rxb7 Rxb7 43. Rc6 c3 44. Nxc3 Nf4 45. Rc7 Rb2 46. Ne4 Rb1+ 47. Kh2 h6 48. Rc2 Ne6 49. Kg3 g5 50. Kf2 Rb5 51. Rc7 Rxe5 52. Ra7 Rd5 53. Ke3 Kg6 54. Ra6 Kf5 55. Nc3 Re5+ 56. Kf2 Rc5 57. Ne4 Rd5 58. Ke3 Ke5 59. Ra7 f5 60. Nd2 Nf4 61. Nc4+ Kf6 62. Rh7 h5 63. h4 Rd3+ 64. Kf2 gxh4 65. d7 Ke6 66. Rh6+ Ke7 67. Ne5 Rd5 68. Rh8 Nd3+ 1/2-1/2

[Event "Regionalliga SO 1415"]
[Site "Bayern"]
[Date "2014.11.09"]
[Round "2.4"]
[White "Schwertler, Philipp"]
[Black "Waldner, Alois"]
[Result "1-0"]
[WhiteElo "2037"]
[BlackElo "1993"]
[PlyCount "75"]
[EventDate "2014.10.19"]
[EventType "team-tourn"]
[EventRounds "9"]
[EventCountry "GER"]
[SourceTitle "EXT 2018"]
[Source "ChessBase"]
[SourceDate "2017.10.13"]
[SourceVersion "1"]
[SourceVersionDate "2017.10.13"]
[SourceQuality "1"]
[WhiteTeam "Ilmmuenster"]
[BlackTeam "Waldkraiburg"]
[WhiteTeamCountry "GER"]
[BlackTeamCountry "GER"]

1. d4 Nf6 2. c4 g6 3. Nc3 Bg7 4. e4 d6 5. f4 0-0 6. Nf3 c5 7. d5 Bg4 8. Be2 Na6 9. 0-0 Nc7 10. h3 Bc8 11. Be3 Nd7 12. Qd2 a6 13. a4 b6 14. a5 bxa5 15. e5 Rb8 16. Rxa5 Ne8 17. Ra2 dxe5 18. fxe5 Nxe5 19. Bxc5 Nd6 20. Nxe5 Bxe5 21. b4 Qc7 22. Bd3 f5 23. Ne2 Ne4 24. Bxe4 fxe4 25. Rxf8+ Kxf8 26. Nd4 Bh2+ 27. Kh1 Bf4 28. Qf2 Kg7 29. Nc6 Bf5 30. Nxb8 Qxb8 31. Rxa6 Bg3 32. Qe3 Bf4 33. Qa3 Bg3 34. d6 Bxd6 35. Bxd6 exd6 36. Ra7+ Kf6 37. Qc3+ Ke6 38. Rxh7 1-0

[Event "Regionalliga SO 0910"]
[Site "Bayern"]
[Date "2010.04.11"]
[Round "9.7"]
[White "Schwertler, Philipp"]
[Black "Pappenheim, Rainer"]
[Result "0-1"]
[WhiteElo "1897"]
[BlackElo "2012"]
[PlyCount "120"]
[EventDate "2009.10.18"]
[EventType "team-tourn"]
[EventRounds "9"]
[EventCountry "GER"]
[SourceTitle "EXT 2011"]
[Source "ChessBase"]
[SourceDate "2010.11.26"]
[SourceVersion "1"]
[SourceVersionDate "2010.11.26"]
[SourceQuality "1"]
[WhiteTeam "Ilmmuenster"]
[BlackTeam "Starnberg"]
[WhiteTeamCountry "GER"]
[BlackTeamCountry "GER"]

1. d4 d5 2. c4 c6 3. Nf3 Nf6 4. Nc3 a6 5. cxd5 cxd5 6. e3 e6 7. Bd3 Bd6 8. 0-0 b5 9. Ne5 Nbd7 10. f4 0-0 11. Bd2 Bb7 12. a3 Ne4 13. Qe1 Nb6 14. Ne2 f6 15. Nf3 Nc4 16. Bxc4 dxc4 17. Ba5 Bc7 18. Bxc7 Qxc7 19. a4 Qd6 20. Nc3 b4 21. Nxe4 Bxe4 22. Qf2 Rab8 23. Rfc1 Rfc8 24. Nd2 Bd3 25. Qf3 c3 26. bxc3 b3 27. e4 b2 28. Qxd3 bxc1Q+ 29. Rxc1 Qa3 30. Rd1 Qxa4 31. Rc1 Rb2 32. c4 Qa2 33. Rd1 Rcb8 34. d5 Qa4 35. Rc1 Qb4 36. Rd1 Rd8 37. e5 fxe5 38. fxe5 exd5 39. e6 Qb6+ 40. Kh1 Qxe6 41. Nf3 Qg4 42. Qf1 d4 43. Ne5 Qh5 44. Nc6 Rf2 45. Qd3 Rdf8 46. Rg1 Qf7 47. Nxd4 Rf1 48. Nf3 Rxg1+ 49. Kxg1 a5 50. h3 Qa7+ 51. Kh1 a4 52. Ng5 g6 53. Qd5+ Kh8 54. Qe5+ Qg7 55. Qc5 Rf5 56. Qd6 Qa1+ 57. Kh2 Qe5+ 58. Qxe5+ Rxe5 59. Nf7+ Kg7 60. Nxe5 a3 0-1

[Event "Regionalliga SO 0809"]
[Site "Bayern"]
[Date "2009.03.15"]
[Round "8.7"]
[White "Hauschild, Rudolf Jr"]
[Black "Schwertler, Philipp"]
[Result "0-1"]
[WhiteElo "1812"]
[BlackElo "1944"]
[PlyCount "104"]
[EventDate "2008.10.05"]
[EventType "team-tourn"]
[EventRounds "9"]
[EventCountry "GER"]
[SourceTitle "EXT 2020"]
[Source "ChessBase"]
[SourceDate "2019.10.17"]
[SourceVersion "1"]
[SourceVersionDate "2019.10.17"]
[SourceQuality "1"]
[WhiteTeam "Waldkraiburg"]
[BlackTeam "Ilmmuenster"]
[WhiteTeamCountry "GER"]
[BlackTeamCountry "GER"]

1. Nf3 f5 2. c4 Nf6 3. Nc3 d6 4. d4 g6 5. g3 Bg7 6. Bg2 0-0 7. 0-0 Nc6 8. d5 Ne5 9. Nxe5 dxe5 10. e4 f4 11. f3 fxg3 12. hxg3 a6 13. Be3 Bd7 14. b4 Nh5 15. Kh2 Qe8 16. Qd2 g5 17. Bxg5 Qg6 18. Ne2 Rf7 19. Rab1 Raf8 20. Rb3 e6 21. Bh3 exd5 22. cxd5 Bxh3 23. Kxh3 Nf6 24. Bxf6 Rxf6 25. Kg2 h5 26. Rh1 Bh6 27. Qe1 R8f7 28. Ng1 c6 29. Rd3 Rd6 30. Qd1 Rfd7 31. Ne2 cxd5 32. Rxd5 Rxd5 33. exd5 e4 34. f4 e3 35. Qb3 Qe4+ 36. Kh2 Qxd5 37. Nc1 Qxb3 38. Nxb3 Bf8 39. Re1 Rd3 40. Nc1 Ra3 41. Re2 Bxb4 42. Nb3 Bd2 43. Kh3 Rxa2 44. Kh4 a5 45. Kxh5 Rb2 46. Nd4 Bc3 47. Nc2 Kf7 48. g4 a4 49. g5 a3 50. g6+ Kf6 51. Nxe3 Rxe2 52. Nd5+ Kf5 0-1

[Event "Regionalliga SO 0809"]
[Site "Bayern"]
[Date "2009.03.01"]
[Round "7.7"]
[White "Schwertler, Philipp"]
[Black "Uhlmann, David"]
[Result "1-0"]
[WhiteElo "1944"]
[BlackElo "1881"]
[PlyCount "81"]
[EventDate "2008.10.05"]
[EventType "team-tourn"]
[EventRounds "9"]
[EventCountry "GER"]
[SourceTitle "EXT 2020"]
[Source "ChessBase"]
[SourceDate "2019.10.17"]
[SourceVersion "1"]
[SourceVersionDate "2019.10.17"]
[SourceQuality "1"]
[WhiteTeam "Ilmmuenster"]
[BlackTeam "Pang/Rosenheim II"]
[WhiteTeamCountry "GER"]
[BlackTeamCountry "GER"]

1. d4 Nf6 2. c4 c5 3. d5 a6 4. a4 e6 5. Nc3 exd5 6. cxd5 d6 7. e4 g6 8. Be2 Bg7 9. f4 0-0 10. Nf3 h6 11. 0-0 Re8 12. e5 dxe5 13. fxe5 Ng4 14. e6 fxe6 15. h3 Ne5 16. Nxe5 Bxe5 17. Qc2 Kg7 18. Bd3 Bd4+ 19. Kh1 Rf8 20. Bd2 Nd7 21. dxe6 Ne5 22. Rxf8 Qxf8 23. Rf1 Qe8 24. Nd5 Bxe6 25. Nc7 Qc8 26. Nxa8 Qxa8 27. Bc3 Qd8 28. Be4 b5 29. axb5 axb5 30. Rd1 Qh4 31. Bxd4 cxd4 32. Qc7+ Nf7 33. Qc6 Qh5 34. Bf3 Qe5 35. Qe4 d3 36. Rxd3 Bf5 37. Qxe5+ Nxe5 38. Rb3 Nxf3 39. Rxf3 h5 40. Kg1 Be6 41. Kf1 1-0

[Event "Nuremberg Zabo op 10th"]
[Site "Nuremberg"]
[Date "2008.09.21"]
[Round "5"]
[White "Grasser, Stefan"]
[Black "Schwertler, Philipp"]
[Result "1-0"]
[WhiteElo "1776"]
[BlackElo "1945"]
[PlyCount "105"]
[EventDate "2008.09.19"]
[EventType "swiss"]
[EventRounds "5"]
[EventCountry "GER"]
[SourceTitle "EXT 2012"]
[Source "ChessBase"]
[SourceDate "2011.11.24"]
[SourceVersion "1"]
[SourceVersionDate "2011.11.24"]
[SourceQuality "1"]

1. c4 f5 2. Nc3 Nf6 3. d3 g6 4. e4 d6 5. g3 Bg7 6. Bg2 Nc6 7. Nge2 0-0 8. 0-0 a6 9. Rb1 fxe4 10. dxe4 Rb8 11. h3 Kh8 12. Be3 e5 13. Qd2 Be6 14. b3 Qd7 15. Kh2 Rf7 16. Rbd1 Rbf8 17. Bh6 Nh5 18. Bxg7+ Kxg7 19. f4 exf4 20. gxf4 Kh8 21. Nd5 Qd8 22. Ng3 Nxg3 23. Kxg3 Nb8 24. Ne3 Nd7 25. Ng4 Nf6 26. Qc3 Bxg4 27. hxg4 Kg8 28. e5 Ne8 29. Bd5 Qc8 30. Bxf7+ Rxf7 31. Rde1 h5 32. e6 Re7 33. f5 gxf5 34. Rxf5 h4+ 35. Kh3 Rxe6 36. Ref1 Ng7 37. Rf8+ Qxf8 38. Rxf8+ Kxf8 39. Qf3+ Ke7 40. Qxb7 Kd8 41. Qxa6 Ne8 42. Qa8+ Ke7 43. Kxh4 Kd7 44. Qf3 Rf6 45. Qd3 Rh6+ 46. Kg3 Re6 47. g5 Re7 48. a4 c5 49. a5 Re5 50. Kg4 Nc7 51. g6 Ne6 52. Qf3 Kc7 53. a6 1-0

[Event "GER-ch Net qual4 U25"]
[Site "Playchess.com INT"]
[Date "2008.06.11"]
[Round "1"]
[White "Schwertler, Philipp"]
[Black "Hastrich, Julian"]
[Result "0-1"]
[WhiteElo "1943"]
[BlackElo "2065"]
[PlyCount "88"]
[EventDate "2008.06.11"]
[EventType "swiss (blitz)"]
[EventRounds "7"]
[EventCountry "GER"]
[SourceTitle "CBM 124 Extra"]
[Source "ChessBase"]
[SourceDate "2008.07.03"]
[SourceVersion "1"]
[SourceVersionDate "2008.07.03"]
[SourceQuality "1"]

1. d4 d5 2. c4 c6 3. Nc3 Nf6 4. cxd5 cxd5 5. Qc2 Nc6 6. e3 g6 7. a3 Bg7 8. Bd3 0-0 9. Nge2 e5 10. dxe5 Nxe5 11. 0-0 Nxd3 12. Qxd3 Bf5 13. Qb5 Qd6 14. Nf4 d4 15. exd4 Qxd4 16. Be3 Qd7 17. Qxd7 Bxd7 18. Rfd1 Bc6 19. Nfd5 Nxd5 20. Nxd5 Bxb2 21. Ne7+ Kg7 22. Ra2 Bf6 23. Nxc6 bxc6 24. Rc2 Rfd8 25. Rdc1 Rd3 26. a4 Ra3 27. Rc4 a6 28. g3 Rb8 29. Kg2 Rb2 30. Kf3 Bg5 31. Rd4 Bxe3 32. fxe3 Rxh2 33. Rxc6 a5 34. Rc5 Raa2 35. Rxa5 f5 36. Kf4 Raf2+ 37. Ke5 Rf3 38. Ra7+ Kh6 39. Rdd7 Kg5 40. Kd4 Rxg3 41. a5 Rg4+ 42. Kc5 Rc2+ 43. Kb6 Rb4+ 44. Ka6 Rc6# 0-1